书目信息 |
| 题名: |
文选与习作 三
|
|
| 作者: | 华东七省市、四川省幼儿园教师进修教材写作编写委员会 编 | |
| 分册: | ||
| 出版信息: | 上海 上海教育出版社 1987.06 |
|
| 页数: | 354页 | |
| 开本: | 19cm | |
| 丛书名: | ||
| 单 册: | ||
| 中图分类: | G633.3 | |
| 科图分类: | ||
| 主题词: | 教育--各级 | |
| 电子资源: | ||
| ISBN: | 7-5320-0555-0 | |
| 000 | 00844nam0 2200205 450 | |
| 001 | 0735004585 | |
| 005 | 20071126094609.39 | |
| 010 | @a7-5320-0555-0@dCNY2.80 | |
| 100 | @a20071126d1987 km y0chiy0120 ea | |
| 101 | 0 | @achi |
| 102 | @aCN@b310000 | |
| 200 | 1 | @a文选与习作 三@Awen xuan yu xi zuo san@f华东七省市、四川省幼儿园教师进修教材写作编写委员会编@Fhua dong qi sheng shi、si chuan sheng you er yuan jiao shi jin xiu jiao cai xie zuo bian xie wei yuan hui bian |
| 210 | @a上海@c上海教育出版社@d1987.06 | |
| 215 | @a354页@d19cm | |
| 300 | @a幼儿园教师进修教材 | |
| 606 | 0 | @a教育@x各级 |
| 690 | @aG633.3@v4 | |
| 701 | 0 | @a华东七省市、四川省幼儿园教师进修教材写作编写委员会@Ahua dong qi sheng shi、si chuan sheng you er yuan jiao shi jin xiu jiao cai xie zuo bian xie wei yuan hui@4编 |
| 801 | 0 | @aCN@bPFT@c20071126 |
| 905 | @aBZT@dG633.3@e10 | |
| 文选与习作 三/华东七省市、四川省幼儿园教师进修教材写作编写委员会编.-上海:上海教育出版社,1987.06 |
| 354页;19cm |
| 幼儿园教师进修教材 |
| ISBN 7-5320-0555-0:CNY2.80 |
| ● |
| 相关链接 |
|
|
|
正题名:文选与习作 三
索取号:G633.3/10
 
预约/预借
| 序号 | 登录号 | 条形码 | 馆藏地/架位号 | 状态 | 备注 |
| 1 | 3550 | 200855592 | 中心书库北库/ 北库029架B面3列6层8/ [索取号:G633.3/10] | 在馆 | |
| 2 | 3551 | 200854557 | 中心书库北库/ 北库029架B面3列6层9/ [索取号:G633.3/10] | 在馆 |